Genética práctica / (Record no. 44938)

MARC details
000 -LEADER
campo de control de longitud fija 00505nam a2200169 i 4500
001 - NÚMERO DE CONTROL
campo de control 44938
003 - IDENTIFICADOR DE NÚMERO DE CONTROL
campo de control ES-MaACL
005 - FECHA Y HORA DE LA ÚLTIMA TRANSACCIÓN
campo de control 20230906161125.0
007 - CAMPO FIJO DE DESCRIPCIÓN FÍSICA--INFORMACIÓN GENERAL
campo de control de longitud fija t|
008 - DATOS DE LONGITUD FIJA--INFORMACIÓN GENERAL
campo de control de longitud fija 030324s1965 sp ||||1| spa d
100 1# - ENTRADA PRINCIPAL--NOMBRE DE PERSONA
Nombre de persona Clarke, C. A.
9 (RLIN) 39056
245 10 - MENCIÓN DEL TÍTULO
Título Genética práctica /
Mención de responsabilidad, etc. por C. A. Clarke ; versión, M. Ribas Mundó.
260 ## - PUBLICACIÓN, DISTRIBUCIÓN, ETC.
Lugar de publicación, distribución, etc. Barcelona :
Nombre del editor, distribuidor, etc. Toray,
Fecha de publicación, distribución, etc. 1965.
300 ## - DESCRIPCIÓN FÍSICA
Extensión XVI, 383 p., 15 lám. :
Otras características físicas il. ;
Dimensiones 22 cm.
700 1# - ENTRADA AGREGADA--NOMBRE PERSONAL
Nombre de persona Ribas Mundó, Manuel.
9 (RLIN) 96730
852 ## - LOCALIZACIÓN
Ubicación ES-MaACL
Número de control de estantería C-28464
Sublocalización o colección R.57725
Holdings
Estatus retirado Estado de pérdida Estado de daño No para préstamo Biblioteca de origen Biblioteca actual Ubicación en estantería Fecha de adquisición Fuente de adquisición Total de préstamos Signatura topográfica completa Código de barras Visto por última vez Precio de reemplazo Tipo de ítem Koha
        Biblioteca del Ateneo de Madrid Biblioteca del Ateneo de Madrid Depósito 2 17/01/2008     C-28464 1047295 23/02/2023 23/02/2023 Libro impreso